Statistics for they biggest country in the world

Click here to take the quiz!

General Stats

  • This quiz has been taken 12 times
  • The average score is 10 of 15

Answer Stats

HintAnswer% Correct
1Russia
100%
5Brazil
90%
2Canada
90%
4China
90%
10Algeria
80%
8Argentina
80%
6Australia
80%
3Usa
80%
7India
70%
11Dr Congo
60%
12Mexico
60%
14Indonesia
50%
13Saudiarabia
40%
15Sudan
20%
9Kazakstan
10%

Score Distribution

Percentile by Number Answered

Percent of People with Each Score

Your Score History

You have not taken this quiz